000 01302cam a22003617a 4500
003 CHAP
005 20220329142613.0
008 010926s2000 mx r 00010 spa d
010 _a85574
011 _a86546
020 _a0 851995136
035 _a97085
040 _cCHAP
082 0 4 _a660.6
_bP4
100 0 0 _aPhillips. Peter W.B.
_eed.
_987844
245 1 4 _aThe biotechnology revolution in global agriculture :
_binnovation, invention and investment in the canola industry
_c/ed. by Peter W.B. Phillips and George G. Khachatourians
260 _aWallingford :
_bCABI Publishing,
_c2001.
300 _a360 p.
490 0 _aBiotechnology in agriculture series
_v; 24
590 _aBATCH-UPD
_b10
_c20130110
_lUCH01
_h0523
590 _aBATCH-UPD
_b10
_c20130110
_lUCH01
_h2240
590 _aBATCH-UPD
_b10
_c20130410
_lUCH01
_h0202
590 _aBATCH-UPD
_b10
_c20130913
_lUCH01
_h1851
590 _aCONVERSION
_b10
_c20130109
_lUCH01
_h1348
650 0 4 _aAceite de colza.
_9430
650 0 4 _aBiotecnología.
_912878
700 0 _aKhachatourians, George G.
_963135
830 0 _aBiotechnology in agriculture series
_v; 24
_912875
901 _aBK
905 _aAlejandra Carrasco M.
942 _cLIBRO
949 _a660.6 P4
_bBC
_cLIBRO
_d33724000863619
_eLIBRO
_h102326
_i97085
_kI.213557
_si
_t$ 1000.00
999 _c85574
_d85574